Les personnages du Roi Lion - Statistiques

Statistiques générales
  • Ce quiz a été pris 431 fois
  • Le résultat moyen est 12 sur 18
Statistiques - réponses
Role Personnage % Correct
Principal Protagoniste Simba
99%
Père Mufasa
96%
Femme Nala
96%
Antagoniste principal Scar
94%
Pumbaa
77%
Timon
75%
Mère Sarabi
71%
Fille Kiara
69%
Zazu
68%
Beau-fils Kovu
62%
Antagoniste Ed
60%
Rafiki
60%
Antagoniste Shenzi
50%
Antagoniste Banzai
45%
Antagoniste Zira
42%
Belle mère Sarafina
38%
Antagoniste Vitani
34%
Antagoniste Nuka
29%
Aucun quiz correspondant
Distribution des résultats
% des personnes avec chaque résultat
Percentile par nombre de réponses
Votre historique - résultats
Vous n’avez pas pris ce quiz